[Event "Oberfranken-ch"]
[Site "Schney"]
[Date "2015.01.03"]
[Round "1"]
[White "Koch, Christian1"]
[Black "Lorenz, Mark"]
[Result "0-1"]
[WhiteElo "1895"]
[BlackElo "2240"]
[PlyCount "126"]
[EventDate "2015.01.03"]
[EventType "swiss"]
[EventRounds "7"]
[EventCountry "GER"]
[SourceTitle "CBM 164 Extra"]
[Source "ChessBase"]
[SourceDate "2015.03.02"]
[SourceVersion "1"]
[SourceVersionDate "2015.03.02"]
[SourceQuality "1"]

1. e4 c5 2. Nf3 e6 3. d4 cxd4 4. Nxd4 Nf6 5. Bd3 Nc6 6. c3 d6 7. Be3 Be7 8. h3 0-0 9. Qc2 Bd7 10. f4 e5 11. Nxc6 Bxc6 12. fxe5 dxe5 13. Nd2 Nd7 14. 0-0 Bc5 15. Rae1 a5 16. a4 Kh8 17. Kh1 Bxe3 18. Rxe3 Nc5 19. b3 Nxd3 20. Rxd3 Qe7 21. Rdf3 f6 22. Nc4 b5 23. Nb6 Rab8 24. axb5 Bxb5 25. Nd5 Qc5 26. c4 Bd7 27. Ra1 Be6 28. Qc3 Ra8 29. g4 h6 30. Kg2 Rfc8 31. Rd3 Bg8 32. Rd2 Bh7 33. Kf3 Qc6 34. Rxa5 Rxa5 35. Qxa5 h5 36. Qb6 Qe8 37. c5 Rb8 38. Qc7 Rxb3+ 39. Ne3 hxg4+ 40. hxg4 Rb8 41. Rh2 Kg8 42. Ra2 Rc8 43. Qd6 Rd8 44. Qa6 Qg6 45. Qc4+ Kh8 46. c6 Qh6 47. c7 Qf4+ 48. Ke2 Qh2+ 49. Kf1 Qh1+ 50. Kf2 Qh4+ 51. Kg2 Rc8 52. Ra8 Rxa8 53. c8Q+ Rxc8 54. Qxc8+ Bg8 55. Qf5 Bf7 56. Qc8+ Kh7 57. Qd7 Bg6 58. Qd3 Qg5 59. Kh3 Qh6+ 60. Kg2 Qf4 61. Qe2 Bxe4+ 62. Kg1 Qg3+ 63. Ng2 Qxg2+ 0-1

[Event "Wunsiedel op 8th"]
[Site "Wunsiedel"]
[Date "2014.05.31"]
[Round "6"]
[White "Rambaldi, Francesco"]
[Black "Lorenz, Mark"]
[Result "1-0"]
[WhiteElo "2413"]
[BlackElo "2242"]
[PlyCount "63"]
[EventDate "2014.05.29"]
[EventType "swiss"]
[EventRounds "7"]
[EventCountry "GER"]
[SourceTitle "CBM 160 Extra"]
[Source "ChessBase"]
[SourceDate "2014.07.01"]
[SourceVersion "1"]
[SourceVersionDate "2014.07.01"]
[SourceQuality "1"]

1. d4 Nf6 2. c4 e6 3. Nc3 Bb4 4. Qc2 c5 5. dxc5 Bxc5 6. Nf3 Qb6 7. e3 Qc7 8. a3 Be7 9. Be2 a6 10. 0-0 b6 11. b4 Bb7 12. Bb2 d6 13. Rac1 Nbd7 14. Nd2 0-0 15. f4 Rfc8 16. Qb1 Qd8 17. g4 Nf8 18. g5 N6d7 19. Nde4 d5 20. cxd5 exd5 21. Ng3 f6 22. Bf3 Rxc3 23. Bxc3 fxg5 24. Qf5 gxf4 25. Bxd5+ Bxd5 26. Qxd5+ Kh8 27. Nh5 Nf6 28. Qxd8 Rxd8 29. Nxf6 Bxf6 30. Bxf6 gxf6 31. Rxf4 Rd6 32. Rd4 1-0

[Event "Wunsiedel op 8th"]
[Site "Wunsiedel"]
[Date "2014.05.30"]
[Round "4"]
[White "Delchev, Aleksander"]
[Black "Lorenz, Mark"]
[Result "1-0"]
[WhiteElo "2628"]
[BlackElo "2242"]
[PlyCount "33"]
[EventDate "2014.05.29"]
[EventType "swiss"]
[EventRounds "7"]
[EventCountry "GER"]
[SourceTitle "CBM 160 Extra"]
[Source "ChessBase"]
[SourceDate "2014.07.01"]
[SourceVersion "1"]
[SourceVersionDate "2014.07.01"]
[SourceQuality "1"]

1. e4 c5 2. Nf3 d6 3. d4 cxd4 4. Nxd4 Nf6 5. Nc3 e6 6. g4 h6 7. h3 Nc6 8. Be3 a6 9. Bg2 Bd7 10. f4 Be7 11. Qe2 g5 12. fxg5 hxg5 13. 0-0-0 Ne5 14. Nf3 Rc8 15. Nxe5 Rxc3 16. Nxd7 Qa5 17. Bd4 1-0

[Event "Oberfranken-ch"]
[Site "Lichtenfels"]
[Date "2014.01.05"]
[Round "6"]
[White "Lorenz, Mark"]
[Black "Schulz, Lukas"]
[Result "1/2-1/2"]
[WhiteElo "2238"]
[BlackElo "1923"]
[PlyCount "35"]
[EventDate "2014.01.03"]
[EventType "swiss"]
[EventRounds "7"]
[EventCountry "GER"]
[SourceTitle "EXT 2019"]
[Source "ChessBase"]
[SourceDate "2018.10.10"]
[SourceVersion "1"]
[SourceVersionDate "2018.10.10"]
[SourceQuality "1"]

1. g3 d5 2. Nf3 g6 3. Bg2 Bg7 4. d4 Nf6 5. 0-0 0-0 6. Nbd2 c6 7. b3 Nbd7 8. Bb2 b6 9. c4 Bb7 10. Qc2 Rc8 11. e4 Nxe4 12. Nxe4 dxe4 13. Qxe4 e6 14. Rad1 Qc7 15. Qe2 Rcd8 16. Bc1 c5 17. Bf4 Qc8 18. Bg5 1/2-1/2

[Event "Regionalliga NW 1314"]
[Site "Bayern"]
[Date "2013.11.10"]
[Round "2.2"]
[White "Lorenz, Mark"]
[Black "Schindler, Viktor"]
[Result "0-1"]
[WhiteElo "2117"]
[BlackElo "2085"]
[PlyCount "71"]
[EventDate "2013.10.13"]
[EventType "team-tourn"]
[EventRounds "9"]
[EventCountry "GER"]
[SourceTitle "EXT 2015"]
[Source "ChessBase"]
[SourceDate "2014.11.20"]
[SourceVersion "1"]
[SourceVersionDate "2014.11.20"]
[SourceQuality "1"]
[WhiteTeam "Marktleuthen"]
[BlackTeam "Hof"]
[WhiteTeamCountry "GER"]
[BlackTeamCountry "GER"]

1. c4 Nf6 2. Nc3 c5 3. g3 g6 4. Bg2 Bg7 5. e4 Nc6 6. Nge2 0-0 7. 0-0 d6 8. d3 Bd7 9. Rb1 Qc8 10. a3 Bh3 11. b4 Bxg2 12. Kxg2 b6 13. h3 e6 14. Bf4 Rd8 15. Bg5 h6 16. Bd2 d5 17. cxd5 exd5 18. bxc5 dxe4 19. dxe4 Ne5 20. Qc1 Nd3 21. Qc2 Nxc5 22. f3 Qa6 23. Nb5 Rac8 24. Nec3 Qb7 25. Be1 a6 26. e5 Ne8 27. Nd6 Nxd6 28. exd6 Rxd6 29. Ne4 Nxe4 30. Qxe4 Qxe4 31. fxe4 Rc4 32. Bf2 b5 33. Rfe1 Re6 34. Kf3 Rf6+ 35. Kg2 Rc2 36. Kg1 0-1

[Event "Oberfranken-ch 1213"]
[Site "Schney"]
[Date "2013.01.04"]
[Round "4"]
[White "Laustsen, Karl Johann"]
[Black "Lorenz, Mark"]
[Result "1/2-1/2"]
[WhiteElo "1800"]
[BlackElo "2117"]
[PlyCount "74"]
[EventDate "2013.01.03"]
[EventType "swiss"]
[EventRounds "7"]
[EventCountry "GER"]
[SourceTitle "EXT 2015"]
[Source "ChessBase"]
[SourceDate "2014.11.20"]
[SourceVersion "1"]
[SourceVersionDate "2014.11.20"]
[SourceQuality "1"]

1. Nf3 Nf6 2. c4 e6 3. Nc3 b6 4. g3 Bb7 5. Bg2 c5 6. 0-0 Be7 7. d4 cxd4 8. Nxd4 Bxg2 9. Kxg2 Qc7 10. Qd3 Qb7+ 11. Kg1 a6 12. b3 0-0 13. Bb2 d6 14. Rad1 Nbd7 15. Qf3 Qxf3 16. Nxf3 b5 17. cxb5 axb5 18. Ra1 b4 19. Na4 Ne4 20. Rfc1 Ndc5 21. Nxc5 Nxc5 22. Ne1 Rfc8 23. Bd4 Bf6 24. Bxf6 gxf6 25. Rc4 Rcb8 26. Nc2 f5 27. Rxb4 Rxb4 28. Nxb4 Nxb3 29. Rd1 Ra4 30. axb3 Rxb4 31. Rxd6 Rxb3 32. f4 Rb2 33. Kf2 Kg7 34. Rd7 Ra2 35. Rc7 Rb2 36. Rd7 Ra2 37. Rc7 Rb2 1/2-1/2